00913 2200313 4500001002100000005001500021035002000036007000300056040001700059100002600076245013500102250001100237300003500248041000800283082000800291084001400299090002200313264004000335336002100375337003000396338002300426650001000449850001000459008004100469504002600510990002100536990002100557990002100578INLIS00000000000584520260424113733 a0010-0322000089ta aSBPUPADbInd0 aEmil SalimePengarang1 aKiat Cerdas Wirausaha Aneka Olahan Kedelai :bDilengkapi Aneka Resep Masakan Olahan Kedelai /cEmil Salim ; editor, Arie Prabawati a.-ed 1 a135 hlm. :bilus. ;c17,6x25cm0 aInd a338 a338 EMI k b344.02 SRI h 10-7 a.--Yogyakarta :bAndi Offset,c2012 2rdacontentaTeks 2rdamediaaTanpa Perantara 2rdacarrieraVolume 4aResep aPUPAD260424 0  aBibliografi, hlm 133 a27217/H/DPK/2018 a27216/H/DPK/2018 a27218/H/DPK/2018